000 00454nam a2200169Ia 4500
999 _c12316
_d12316
003 OSt
005 20201015121039.0
008 190216s9999||||xx |||||||||||||| ||und||
040 _coclc
082 _a843.8
_bZOL/E
100 _aZola, Emile
_94897
245 0 _aEarth /
_bEmile Zola
260 _bNelson Publishers,
_c1968.
_aLondon:
300 _a220p
650 _aEnglish Novel
942 _cBK
_2ddc
_h843.8
_iZOL/E
_k843.8
_mZOL/E